<?xml version="1.0" encoding="UTF-8"?>
<record
    xmlns:xsi="http://www.w3.org/2001/XMLSchema-instance"
    xsi:schemaLocation="http://www.loc.gov/MARC21/slim http://www.loc.gov/standards/marcxml/schema/MARC21slim.xsd"
    xmlns="http://www.loc.gov/MARC21/slim">

  <leader>03846nam a22003857a 4500</leader>
  <controlfield tag="003">OSt</controlfield>
  <controlfield tag="005">20260603115021.0</controlfield>
  <controlfield tag="008">260603b        |||||||| |||| 00| 0 eng d</controlfield>
  <datafield tag="040" ind1=" " ind2=" ">
    <subfield code="a">Foundation University Library </subfield>
    <subfield code="b">eng</subfield>
    <subfield code="c">Foundation University Library</subfield>
    <subfield code="e">rda</subfield>
  </datafield>
  <datafield tag="050" ind1=" " ind2=" ">
    <subfield code="a">GS (DocEd-Dis) LG 221 D35 G73</subfield>
    <subfield code="b">A6 E38 A36 2018 E48</subfield>
  </datafield>
  <datafield tag="100" ind1=" " ind2=" ">
    <subfield code="a">Elumba, Bonifacia B.,</subfield>
    <subfield code="e">author</subfield>
    <subfield code="9">5777</subfield>
  </datafield>
  <datafield tag="245" ind1=" " ind2=" ">
    <subfield code="a">Competency level of school heads on the Result-Based Performance Management System (RPMS) and their school performance in the National Achievement Test (NAT) :</subfield>
    <subfield code="b">basis for an enhancement program /  </subfield>
    <subfield code="c">by Bonifacia B. Elumba.</subfield>
  </datafield>
  <datafield tag="260" ind1=" " ind2=" ">
    <subfield code="a">Dumaguete City : </subfield>
    <subfield code="b">Foundation University,</subfield>
    <subfield code="c">2018.</subfield>
  </datafield>
  <datafield tag="264" ind1=" " ind2=" ">
    <subfield code="4">by Bonifacia B. Elumba.</subfield>
  </datafield>
  <datafield tag="300" ind1=" " ind2=" ">
    <subfield code="a">x, 119 leaves :</subfield>
    <subfield code="b">illustrations ;</subfield>
    <subfield code="c">28 cm</subfield>
    <subfield code="3">dissertation</subfield>
    <subfield code="f">leaves</subfield>
  </datafield>
  <datafield tag="336" ind1=" " ind2=" ">
    <subfield code="3">rdacontent</subfield>
    <subfield code="a">text</subfield>
    <subfield code="b">txt</subfield>
  </datafield>
  <datafield tag="337" ind1=" " ind2=" ">
    <subfield code="3">rdamedia</subfield>
    <subfield code="a">unmediated</subfield>
    <subfield code="b">n</subfield>
  </datafield>
  <datafield tag="338" ind1=" " ind2=" ">
    <subfield code="3">GS-DocEd-Diss</subfield>
    <subfield code="a">volume</subfield>
    <subfield code="b">nc</subfield>
    <subfield code="2">rdacarrier</subfield>
  </datafield>
  <datafield tag="490" ind1=" " ind2=" ">
    <subfield code="a">GS-DocEd-Dis</subfield>
  </datafield>
  <datafield tag="500" ind1=" " ind2=" ">
    <subfield code="a">   </subfield>
  </datafield>
  <datafield tag="502" ind1=" " ind2=" ">
    <subfield code="a">Graduate dissertation (Doctor of Education) -- Foundation University, 2018.</subfield>
  </datafield>
  <datafield tag="504" ind1=" " ind2=" ">
    <subfield code="a">Includes bibliographical references and appendices.
</subfield>
  </datafield>
  <datafield tag="520" ind1=" " ind2=" ">
    <subfield code="a">Abstract
This study endeavored to assess the competency level of school heads based on the
Result-Based Performance Management System in relation to their school performance
in the National Achievement Test for the last five years. The respondents of this study
re the school heads from the eleven districts. namely: Bacong, Valencia, Dauin,
Zamboanguita, Siaton East, Siaton West I, Siaton West II, Santa Catalina I,II, III and IV.
The study made use of the descriptive and correlational in nature, it describes the
competency level of school heads based on the Key Results Areas in RPMS and schools
performance in the NAT. This study utilized the frequency distribution and percentage,
Pearson Product Correlation and Chi- Square.
The following are the salient findings of the study:
Majority of the school heads are female, middle-aged, have shown professional
advancement, have inadequate traiing in RPMS with considerable length of supervisory
experience and holding Principal I position.
The perceived competency level of school heads based on the Result-Based
Performance Management System (RPMS)on the five (5) Key Result Areas (KRA)
namely: Instructional Leadership, Learning Environment, Human Resource Management.
Parents Involvement and Community Participation and the School Leadership
Management and Operations is "very satisfactory".
The school heads' competency level based on RPMS in terms of instructional
leadership and school leadership, management and operation is significantly related to their school performance based on NAT, however, in terms of learning environment,
human resource management and development and the parents' involvement and
community participation were proven to be insignificant.
The school NAT performance for the last five years has gradually increased and
the mean percentage score has reached beyond the national mean standard.
Keywords: Result-Based Performance Management System, National Achievement
Test</subfield>
  </datafield>
  <datafield tag="650" ind1=" " ind2=" ">
    <subfield code="a">School principals</subfield>
    <subfield code="x">Rating of. </subfield>
    <subfield code="9">16959</subfield>
  </datafield>
  <datafield tag="650" ind1=" " ind2=" ">
    <subfield code="a">Educational leadership. </subfield>
    <subfield code="9">1579</subfield>
  </datafield>
  <datafield tag="650" ind1=" " ind2=" ">
    <subfield code="a">School management and organization.</subfield>
  </datafield>
  <datafield tag="650" ind1=" " ind2=" ">
    <subfield code="a">Performance standards in education.</subfield>
    <subfield code="9">16960</subfield>
  </datafield>
  <datafield tag="650" ind1=" " ind2=" ">
    <subfield code="a">National Achievement Test (Philippines) </subfield>
    <subfield code="9">16961</subfield>
  </datafield>
  <datafield tag="650" ind1=" " ind2=" ">
    <subfield code="a">Educational evaluation.</subfield>
    <subfield code="9">1673</subfield>
  </datafield>
  <datafield tag="658" ind1=" " ind2=" ">
    <subfield code="a">Dissertation Writing 2 :</subfield>
    <subfield code="b">Industrial Engineering, Bachelor of Science in ;</subfield>
    <subfield code="c">EDD 101 .</subfield>
  </datafield>
  <datafield tag="690" ind1=" " ind2=" ">
    <subfield code="2">FU</subfield>
    <subfield code="a">Result-Based Performance Management System, </subfield>
    <subfield code="9">16962</subfield>
  </datafield>
  <datafield tag="690" ind1=" " ind2=" ">
    <subfield code="2">FU</subfield>
    <subfield code="a">National Achievement Test</subfield>
    <subfield code="9">16963</subfield>
  </datafield>
  <datafield tag="900" ind1=" " ind2="0">
    <subfield code="4">Sapalaran, James O., cataloger</subfield>
  </datafield>
  <datafield tag="942" ind1=" " ind2=" ">
    <subfield code="2">lcc</subfield>
    <subfield code="c">DS</subfield>
    <subfield code="n">0</subfield>
    <subfield code="h">LG 221 D35 G73</subfield>
    <subfield code="i">A6 E38 A36 2018 E48</subfield>
    <subfield code="k">GS (DocEd-Dis) </subfield>
  </datafield>
  <datafield tag="999" ind1=" " ind2=" ">
    <subfield code="c">6215</subfield>
    <subfield code="d">6215</subfield>
  </datafield>
  <datafield tag="952" ind1=" " ind2=" ">
    <subfield code="0">0</subfield>
    <subfield code="1">0</subfield>
    <subfield code="2">lcc</subfield>
    <subfield code="4">0</subfield>
    <subfield code="7">4</subfield>
    <subfield code="8">NFIC</subfield>
    <subfield code="a">FOUNDATION</subfield>
    <subfield code="b">FOUNDATION</subfield>
    <subfield code="c">MAIN-THE,DISS</subfield>
    <subfield code="d">2026-06-03</subfield>
    <subfield code="e">Donated</subfield>
    <subfield code="l">0</subfield>
    <subfield code="o">GS (DocEd-Dis) LG 221 D35 G73 A6 E38 A36 2018 E48</subfield>
    <subfield code="p">0232026007007</subfield>
    <subfield code="r">2026-06-03 11:50:52</subfield>
    <subfield code="w">2026-06-03</subfield>
    <subfield code="y">DS</subfield>
    <subfield code="k">DocEd-Dis-2026007</subfield>
  </datafield>
</record>
